Scientific integrity and ethics in the geosciences : (Record no. 29284)

MARC details
000 -LEADER
fixed length control field 03680pam a22003371i 4500
003 - CONTROL NUMBER IDENTIFIER
control field CUTN
005 - DATE AND TIME OF LATEST TRANSACTION
control field 20190809114400.0
008 - FIXED-LENGTH DATA ELEMENTS--GENERAL INFORMATION
fixed length control field 151216s2016 dcu o 000|0|eng|d
020 ## - INTERNATIONAL STANDARD BOOK NUMBER
International Standard Book Number 9781119067689 (ePub ebook) :
020 ## - INTERNATIONAL STANDARD BOOK NUMBER
International Standard Book Number 9781119067788
041 ## - LANGUAGE CODE
Language English
082 04 - DEWEY DECIMAL CLASSIFICATION NUMBER
Classification number 174.955
Edition number 23
Item number GUN
100 10 - MAIN ENTRY--PERSONAL NAME
Personal name Gundersen, Linda C.
245 10 - TITLE STATEMENT
Title Scientific integrity and ethics in the geosciences :
Statement of responsibility, etc Linda C. Gundersen.
250 ## - EDITION STATEMENT
Edition statement 1st
300 ## - PHYSICAL DESCRIPTION
Extent 1 online resource.
500 ## - GENERAL NOTE
General note Academic
505 0# - FORMATTED CONTENTS NOTE
Contents Table of Contents Contributors Preface Acknowledgements Section Chapter 1.  The Origin, Objectives and Evolution of the World Conferences on Research Integrity; Nicholas H. Steneck, Tony Mayer, Melissa S. Anderson, Sabine Kleinert Chapter 2.  Fostering Integrity in Research: Overview of the National Academies of Sciences, Engineering, and Medicine Report; Thomas Arrison and Robert Nerem Chapter 3.  Scientific Integrity – Recent Department of Interior Policies, Codes, and their Implementation; Alan Thornhill and Rick Coleman SectionChapter 4. The American Geosciences Institute Guidelines for Ethical Professional Conduct; Maeve A. Boland and David W. Mogk Chapter 5.
Title I.   Examples of Recently Developed International and National Codes and Policies
-- II.   The Role of Geoscience Professional Societies in Scientific Integrity and Ethics
-- III. Scientific Integrity and Ethics in Publications and Data
-- IV. Ethical Values and Geoethics
505 0# - FORMATTED CONTENTS NOTE
Contents American Geophysical Union Adopts and Implements A New Scientific Integrity and Professional Ethics Policy; Michael McPhaden Chapter 6. The National Association of State Boards of Geology (ASBOG®) Involvement in Geoscience Professional Ethics; John Williams Chapter 7. Brief History and Application of Enforceable Professional Geoscience Ethics Codes; David M. Abbott, Jr. Section III.   Scientific Integrity and Ethics in Publications and Data Chapter 8. The New Landscape of Ethics and Integrity in Scholarly Publishing, Brooks Hanson Chapter 9. Scientific Integrity and Ethical Considerations for the Research Data Life Cycle; Linda C. Gundersen Section IV.   Ethical Values and Geoethics Chapter 10. Understanding Coupled Ethical-Epistemic Issues Relevant to Climate Modeling and Decision Support Science; Nancy Tuana Chapter 11. The Emerging Field of Geoethics; Peter Bobrowsky, Vincent S.
505 0# - FORMATTED CONTENTS NOTE
Contents Cronin, Giuseppe Di Capua, Susan W. Kieffer, Silvia Peppoloni Section V.   Scientific Integrity, Ethics, and Geoethics in Education Chapter 12. Experiential Ethics Education Vance S. Martin and Donna C. Tonini Chapter 13. Teaching Geoethics Across the Geoscience Curriculum: Why, When, What, How, and Where? ; David W. Mogk, John W. Geissman, and Monica Z. Bruckner Chapter 14. Facilitating a Geoscience Student's Ethical Development; Vincent S. Cronin Appendix A. Case Studies for Science Integrity and Geoethics Practice Appendix B.  Resources and References for Scientific Integrity, Ethics, and Geoethics  
650 #0 - SUBJECT ADDED ENTRY--TOPICAL TERM
Topical term or geographic name as entry element Earth sciences
700 1# - ADDED ENTRY--PERSONAL NAME
Personal name Gundersen, Linda C.,
942 ## - ADDED ENTRY ELEMENTS (KOHA)
Source of classification or shelving scheme Dewey Decimal Classification
Koha item type General Books
100 10 - MAIN ENTRY--PERSONAL NAME
Relator term author.
490 0# - SERIES STATEMENT
Series statement Special Publications
Volume number/sequential designation 73
506 1# - RESTRICTIONS ON ACCESS NOTE
Terms governing access Legal Deposit;
Physical access provisions Only available on premises controlled by the deposit library and to one user at any one time;
Authorization The Legal Deposit Libraries (Non-Print Works) Regulations (UK).
Institution to which field applies UkOxU
540 ## - TERMS GOVERNING USE AND REPRODUCTION NOTE
Terms governing use and reproduction Restricted: Printing from this resource is governed by The Legal Deposit Libraries (Non-Print Works) Regulations (UK) and UK copyright law currently in force.
Institution to which field applies UkOxU
650 #0 - SUBJECT ADDED ENTRY--TOPICAL TERM
General subdivision Research
-- Moral and ethical aspects.
700 1# - ADDED ENTRY--PERSONAL NAME
Relator term editor
Holdings
Withdrawn status Lost status Source of classification or shelving scheme Damaged status Not for loan Collection code Home library Location Shelving location Date of Cataloging Total Checkouts Full call number Barcode Date last seen Price effective from Koha item type
    Dewey Decimal Classification     Non-fiction CUTN Central Library CUTN Central Library Philosophy & psychology 09/08/2019   174.955 GUN 38220 09/08/2019 09/08/2019 General Books